000
00285nam a22001337a 4500
008
181218b xxu||||| |||| 00| 0 eng d
020
_a
9780716726265
041
_a
eng
080
_a
159.9
100
_a
49
101
_a
PSI
245
_a
Self-Efficacy
_c
Bandura, A
942
_2
udc
_c
BK
999
_c
53424
_d
53424